Janez Bernik

Bibliographic Details
Main Authors: Kržišnik, Zoran (Author), Brumen, Jože (Author), Bernik, Janez (Author)
Format: Book
Language:Slovenian
PhysicalDescription:68, 187 s. 8°
Published: Maribor Založba Obzorja 1966
Series:Likovna Obzorja

MARC

LEADER 00000nam a2200000 a 4500
001 vtls001293673
003 SK-MaSNL
005 20260301195750.0
008 251113s1966 SV 0 slv
035 |a SNK000245445 
040 |a SNK  |b slo  |c SNK  |e AACR2 
044 |a SV 
100 1 |a Kržišnik, Zoran  |4 aut  |9 519837 
245 1 |a Janez Bernik  |c Zoran Kržišnik, Jože Brumen, Janez Bernik 
260 |a Maribor  |b Založba Obzorja  |c 1966 
300 |a 68, 187 s.  |c 8° 
490 1 |a Likovna Obzorja  |v zv. 6. 
700 1 |a Brumen, Jože  |4 aut  |9 578093 
700 1 |a Bernik, Janez  |4 aut  |9 372164 
830 0 |a Likovna Obzorja  |9 578094 
958 |a OND 
999 |c 887231  |d 889161 
952 |t P60, <04>, [BOOK], {604}  |a SNK  |b SNK  |y VYP  |7 0  |o snkIC 42101  |i snkV 1830/67  |0 0  |1 0  |4 0  |d 1997-07-08  |l 0  |r 2005-01-02 00:00:00  |w 2026-02-24